| 000 | 01390cam a22003617a 4500 | ||
|---|---|---|---|
| 003 | CHAP | ||
| 005 | 20220329142541.0 | ||
| 008 | 010920d2001 mx r 00110 spa d | ||
| 010 | _a84788 | ||
| 011 | _a85760 | ||
| 035 | _a96296 | ||
| 040 | _cCHAP | ||
| 090 | _aTesis | ||
| 100 | 0 | 0 |
_aGonzález Martínez, Carlos Andrés. _949142 |
| 245 | 1 | 0 |
_aEvaluación del posicionamiento comercial de la división textil en las tiendas de autoservicio Carrefour de México, S.A. de C.V. _c/por Carlos Andrés González Martínez |
| 260 |
_aChapingo, Méx. : _bEl autor, _c2001. |
||
| 300 |
_a123 h. : _bilus. ; cuadros ; gráfs. |
||
| 502 | _aTesis (Lic. en Administración de Empresas Agropecuarias) -- UACH. División de Ciencias Económico Administrativas | ||
| 590 |
_aALEPH _b10 _c20130110 _lUCH01 _h1443 |
||
| 590 |
_aBATCH-UPD _b10 _c20130110 _lUCH01 _h0628 |
||
| 590 |
_aBATCH-UPD _b10 _c20130410 _lUCH01 _h0311 |
||
| 590 |
_aBATCH-UPD _b10 _c20130913 _lUCH01 _h1947 |
||
| 590 |
_aCONVERSION _b10 _c20130109 _lUCH01 _h1347 |
||
| 650 | 1 | 4 |
_aAdministración de empresas. _9922 |
| 650 | 1 | 4 |
_aCompetencia. _926091 |
| 650 | 1 | 4 |
_aMercadeo. _974880 |
| 650 | 1 | 4 |
_aMercadeo _xInvestigación. _974882 |
| 901 | _aBK | ||
| 905 | _aAlejandra Carrasco M. | ||
| 942 | _cFOLL | ||
| 949 |
_aTesis _bBC _cTES _d33724000856969 _eTS2 _fc.2 _h38581 _i96296 _sb |
||
| 949 |
_aTesis _bBC _cTES _d962961 _eTS1 _h38580 _i96296 _sb |
||
| 999 |
_c84788 _d84788 |
||